Central Library and Information Centre
Sibsagar Girls' College, Sivasagar : Assam

FUNDAMENTALS OF BIOCHEMISTRY (Record no. 22672)

MARC details
000 -LEADER
fixed length control field 00491cam a2200193ua 4500
008 - FIXED-LENGTH DATA ELEMENTS--GENERAL INFORMATION
fixed length control field 180322n2016 II |||gr||||Z||||||eng
040 ## - CATALOGING SOURCE
Original cataloging agency MAIN
041 ## - LANGUAGE CODE
-- English
100 ## - MAIN ENTRY--PERSONAL NAME
Personal name JAIN,J. L.,
Relator term AUTHOR.
245 1# - TITLE STATEMENT
Title FUNDAMENTALS OF BIOCHEMISTRY
250 ## - EDITION STATEMENT
Edition statement REP ED.
260 ## - PUBLICATION, DISTRIBUTION, ETC.
Place of publication, distribution, etc. NEW DELHI
Name of publisher, distributor, etc. S.CHAND & COMPANY
Date of publication, distribution, etc. 2016
300 ## - PHYSICAL DESCRIPTION
Extent 1615:
Dimensions 21+
Accompanying material HB.
500 ## - GENERAL NOTE
General note RUSA MDC GRANT 2014-2017
700 ## - ADDED ENTRY--PERSONAL NAME
Personal name JAIN, S. $ OTHERS,
Relator term AUTHOR.
942 ## - ADDED ENTRY ELEMENTS (KOHA)
Koha item type Books
653 ## - INDEX TERM--UNCONTROLLED
Uncontrolled term Biochemistry
Holdings
Withdrawn status Lost status Source of classification or shelving scheme Damaged status Not for loan Collection code Home library Current library Shelving location Date acquired Full call number Barcode Date last seen Price effective from Koha item type Public note
    Dewey Decimal Classification     REFBOT Central Library and Information Centre Sibsagar Girls College Central Library and Information Centre Sibsagar Girls College BOTANY BOOK RACK 01.09.2017 572 JAI 35502 05.06.2023 05.06.2023 Books V


Sibsagar Girl's College © 2020. All rights reserved.
Powered by Koha.
Maintained by Abhijit Borpuzari.